000
00289nam a22001337a 4500
008
170216b xxu||||| |||| 00| 0 eng d
020
_a
9781591032533
041
_a
eng
080
_2
2nd
_a
615
100
_a
5
101
_a
shf
245
_a
WARDS 101 POCKET
_c
KATZEL, J.A
942
_2
udc
_c
BK
999
_c
5689
_d
5689